The Big Nine: How the Tech Titans and Their Thinking Machines Could Warp Humanity/ (Record no. 177690)

MARC details
000 -LEADER
fixed length control field 00655nam a22001817a 4500
005 - DATE AND TIME OF LATEST TRANSACTION
control field 20210225152635.0
010 ## - LCCN (DPL NO)
LC control number ENG-129065
020 ## - INTERNATIONAL STANDARD BOOK NUMBER
Terms of availability 599.00
International Standard Book Number 978-1-5417-3064-9
035 ## - SYSTEM CONTROL NUMBER
System control number EN-112597
037 ## - SOURCE OF ACQUISITION
Source of stock number/acquisition DBAD/PUB
082 ## - DEWEY DECIMAL CLASSIFICATION NUMBER
Classification number 006.301
100 ## - MAIN ENTRY--PERSONAL NAME
Personal name Webb, Amy
245 ## - TITLE STATEMENT
Title The Big Nine: How the Tech Titans and Their Thinking Machines Could Warp Humanity/
Remainder of title Amy Webb
260 ## - PUBLICATION, DISTRIBUTION, ETC. (IMPRINT)
Place of publication, distribution, etc Gurugram
Name of publisher, distributor, etc Hachette Book Publishing India Pvt. Ltd.
Date of publication, distribution, etc 2019
270 ## - ADDRESS
City Gurugram
Address 4th/5th Floors, Corporate Centre, Plot No- 94, Sec- 44
Postal code 122003
300 ## - PHYSICAL DESCRIPTION
Extent 320p.
Dimensions 24cm(pbk)
Other physical details Including illustrations and index.
942 ## - ADDED ENTRY ELEMENTS (KOHA)
Source of classification or shelving scheme Dewey Decimal Classification
Item type English Books
Classification part 006.301
Call number suffix WEB
Holdings
Withdrawn status Lost status Not for loan Collection code Home library Current library Date acquired Source of acquisition Cost, normal purchase price Full call number Barcode Copy number Cost, replacement price Koha item type
      Non-fiction Ashok Vihar Ashok Vihar 25/02/2021 DBAD/PUB 599.00 006.301 WEB EN-112597 1 599.00 English Books

© Delhi Public Library
Hit Counter
free hit counter